[Event "ROM-ch U14 Girls"]
[Site "Calimanesti Caciulata"]
[Date "2019.04.17"]
[Round "4"]
[White "Enachi, Alisa Francesca"]
[Black "Palos, Andra Maria"]
[Result "1-0"]
[WhiteElo "1317"]
[BlackElo "1552"]
[PlyCount "89"]
[EventDate "2019.04.15"]
[EventType "swiss"]
[EventRounds "9"]
[EventCountry "ROU"]
[SourceTitle "CBM 190 Extra"]
[Source "ChessBase"]
[SourceDate "2019.07.15"]
[SourceVersion "1"]
[SourceVersionDate "2019.07.15"]
[SourceQuality "1"]

1. e4 c6 2. d4 d5 3. e5 Bf5 4. Nf3 e6 5. Be2 Nd7 6. Nbd2 Qc7 7. c3 a6 8. Nb3 Rc8 9. Be3 c5 10. Nxc5 Nxc5 11. dxc5 Bxc5 12. Bxc5 Qxc5 13. Qa4+ Kf8 14. Qd4 Ne7 15. Qxc5 Rxc5 16. Nd4 Bg6 17. f4 Be4 18. Bf3 Bxf3 19. Nxf3 Nf5 20. Kd2 Rc4 21. g3 Ke7 22. b3 Rc7 23. Nd4 Nxd4 24. cxd4 Rhc8 25. Rac1 Rxc1 26. Rxc1 Rxc1 27. Kxc1 Kd7 28. a4 b5 29. axb5 axb5 30. Kd2 f6 31. Kc3 Kc6 32. Kb4 fxe5 33. fxe5 Kb6 34. h3 h5 35. h4 g6 36. Kc3 Ka5 37. Kc2 Kb4 38. Kb2 Ka5 39. Kc3 Ka6 40. b4 Kb7 41. Kd3 Kc7 42. Ke3 Kd7 43. Kf4 Ke7 44. Kg5 Kf7 45. Kh6 1-0

[Event "ROM-ch U14 Girls"]
[Site "Calimanesti Caciulata"]
[Date "2019.04.16"]
[Round "2"]
[White "Obada, Ema"]
[Black "Palos, Andra Maria"]
[Result "1/2-1/2"]
[WhiteElo "1865"]
[BlackElo "1552"]
[PlyCount "103"]
[EventDate "2019.04.15"]
[EventType "swiss"]
[EventRounds "9"]
[EventCountry "ROU"]
[SourceTitle "CBM 190 Extra"]
[Source "ChessBase"]
[SourceDate "2019.07.15"]
[SourceVersion "1"]
[SourceVersionDate "2019.07.15"]
[SourceQuality "1"]

1. e4 c6 2. d4 d5 3. exd5 cxd5 4. Bd3 Nf6 5. h3 Nc6 6. c3 e6 7. Nf3 Be7 8. 0-0 0-0 9. Re1 Qc7 10. Bg5 b6 11. Nbd2 Bb7 12. Qb1 h6 13. Bh4 Na5 14. Bg3 Bd6 15. Bxd6 Qxd6 16. Ne5 Nd7 17. Qd1 Nxe5 18. dxe5 Qe7 19. Qg4 Rae8 20. Re3 Qg5 21. Qxg5 hxg5 22. Rg3 f6 23. exf6 gxf6 24. h4 Kf7 25. hxg5 Rg8 26. g6+ Kg7 27. Re1 e5 28. f3 e4 29. Bb5 Re5 30. b4 Nc6 31. fxe4 dxe4 32. Bc4 Rd8 33. Nf1 Ne7 34. Bf7 Nf5 35. Rh3 Nh6 36. Ng3 Nxf7 37. gxf7 Bd5 38. Nh5+ Kxf7 39. Nf4 Bxa2 40. Rh7+ Kg8 41. Rxa7 Bf7 42. Rb7 b5 43. Ne2 Rd2 44. Nf4 e3 45. Ra7 e2 46. Raa1 Kg7 47. Kf2 Bc4 48. Ra7+ Kg8 49. g3 Rc2 50. Ra8+ Kf7 51. Ra3 Rd2 52. Ra7+ 1/2-1/2

[Event "ROM-ch U12 Girls"]
[Site "Calimanesti"]
[Date "2018.04.03"]
[Round "9"]
[White "Puia, Alexia Teodora"]
[Black "Palos, Andra Maria"]
[Result "1/2-1/2"]
[WhiteElo "1587"]
[BlackElo "1316"]
[PlyCount "103"]
[EventDate "2018.03.27"]
[EventType "swiss"]
[EventRounds "9"]
[EventCountry "ROU"]
[SourceTitle "CBM 183 Extra"]
[Source "ChessBase"]
[SourceDate "2018.04.19"]
[SourceVersion "1"]
[SourceVersionDate "2018.04.19"]
[SourceQuality "1"]

1. d4 c6 2. c4 d5 3. cxd5 cxd5 4. Nc3 Nf6 5. Nf3 Nc6 6. e3 a6 7. Bd3 Bg4 8. h3 Bh5 9. Be2 e6 10. 0-0 Bd6 11. a3 0-0 12. b4 b5 13. Bb2 Rc8 14. Na2 Nd7 15. Nc1 Nb6 16. Nb3 Nc4 17. Bxc4 bxc4 18. Nc5 Bxc5 19. dxc5 Qc7 20. Re1 Bg6 21. Nd4 Rfd8 22. f4 Nxd4 23. Qxd4 f6 24. Rf1 Be4 25. Qd1 e5 26. fxe5 fxe5 27. Qg4 Qe7 28. Rf2 Re8 29. Raf1 Bg6 30. h4 Rc7 31. Rf3 Qd7 32. Qxd7 Rxd7 33. Bxe5 Be4 34. c6 Rde7 35. Bd6 Bxf3 36. Bxe7 Rxe7 37. Rxf3 Rc7 38. Rf5 Rxc6 39. Rxd5 c3 40. Rd1 c2 41. Rc1 Rc3 42. Kf2 Kf7 43. Ke2 Ke6 44. Kd2 Rxa3 45. Rxc2 Rb3 46. Ra2 Rxb4 47. Rxa6+ Kf5 48. Ra5+ Kf6 49. g3 Rg4 50. Ra6+ Ke5 51. Ra5+ Kf6 52. Ra6+ 1/2-1/2

[Event "ROM-ch U12 Girls"]
[Site "Calimanesti"]
[Date "2018.04.02"]
[Round "8"]
[White "Palos, Andra Maria"]
[Black "Fileru, Maria"]
[Result "1/2-1/2"]
[WhiteElo "1316"]
[BlackElo "1492"]
[PlyCount "90"]
[EventDate "2018.03.27"]
[EventType "swiss"]
[EventRounds "9"]
[EventCountry "ROU"]
[SourceTitle "CBM 183 Extra"]
[Source "ChessBase"]
[SourceDate "2018.04.19"]
[SourceVersion "1"]
[SourceVersionDate "2018.04.19"]
[SourceQuality "1"]

1. d4 d5 2. c4 e6 3. Nc3 Nf6 4. Bg5 Be7 5. e3 0-0 6. Nf3 h6 7. Bh4 b6 8. Be2 Bb7 9. 0-0 Nbd7 10. Rc1 c5 11. cxd5 Nxd5 12. Bg3 N7f6 13. Qb3 a6 14. Na4 cxd4 15. Nxd4 b5 16. Rfd1 Qa5 17. Nc5 Bxc5 18. Rxc5 Ne4 19. Rcc1 Rac8 20. a3 Nxg3 21. hxg3 Nb6 22. Bf3 Bxf3 23. Nxf3 Rxc1 24. Rxc1 Nc4 25. Rd1 Rd8 26. Rxd8+ Qxd8 27. Qc2 Qd5 28. Kf1 g6 29. Ke1 Kf8 30. Qc3 Qf5 31. Nd2 Nxd2 32. Qxd2 Qd5 33. Qxd5 exd5 34. Kd2 Ke7 35. Kc3 a5 36. b4 a4 37. Kd4 Kd6 38. g4 f6 39. f4 g5 40. f5 Kc6 41. g3 Kd6 42. e4 dxe4 43. Kxe4 Kc6 44. Kd4 Kd6 45. Ke4 Kc6 1/2-1/2

[Event "EU-ch U12 Girls 27th"]
[Site "Mamaia"]
[Date "2017.09.11"]
[Round "6"]
[White "Karimli, Zhala Samir"]
[Black "Palos, Andra Maria"]
[Result "1-0"]
[WhiteElo "1416"]
[BlackElo "1281"]
[PlyCount "65"]
[EventDate "2017.09.05"]
[EventType "swiss"]
[EventRounds "9"]
[EventCountry "ROU"]
[SourceTitle "EXT 2018"]
[Source "ChessBase"]
[SourceDate "2017.10.13"]
[SourceVersion "1"]
[SourceVersionDate "2017.10.13"]
[SourceQuality "1"]

1. e4 c6 2. d4 d5 3. exd5 cxd5 4. Nf3 Nf6 5. Nc3 a6 6. Be2 Bf5 7. Bf4 e6 8. Qd2 Nc6 9. h3 Bb4 10. a3 Ne4 11. Qe3 Qa5 12. 0-0 Bxc3 13. bxc3 Qxc3 14. Bd3 Bg6 15. Rab1 b5 16. Rb3 Qa5 17. Ng5 Nxg5 18. Bxg6 hxg6 19. Bxg5 Kd7 20. c3 Rac8 21. Bf4 Rhg8 22. Rfb1 Qa4 23. Bg3 Qa5 24. Qf4 Ke8 25. Rb4 Qxa3 26. Qd6 Qxc3 27. Kh2 Rh8 28. Qc5 Ne7 29. Qb6 Rc6 30. Qb8+ Rc8 31. Qb7 Rd8 32. Bc7 a5 33. Qxb5+ 1-0

[Event "ROM-ch U12 Girls"]
[Site "Baile Felix"]
[Date "2017.02.05"]
[Round "5"]
[White "Iorga, Maria Irina"]
[Black "Palos, Andra Maria"]
[Result "0-1"]
[WhiteElo "1054"]
[BlackElo "1274"]
[PlyCount "82"]
[EventDate "2017.02.02"]
[EventType "swiss"]
[EventRounds "9"]
[EventCountry "ROU"]
[SourceTitle "CBM 176 Extra"]
[Source "ChessBase"]
[SourceDate "2017.03.02"]
[SourceVersion "1"]
[SourceVersionDate "2017.03.02"]
[SourceQuality "1"]

1. d4 d5 2. Bf4 Nc6 3. Nf3 e6 4. e3 Nf6 5. h3 Bd7 6. Be2 Bd6 7. Bxd6 cxd6 8. 0-0 0-0 9. Nc3 a6 10. a3 Ne7 11. Qd2 Rc8 12. Rac1 Qb6 13. Rb1 Rc7 14. Nh2 Rfc8 15. Ng4 Ne4 16. Nxe4 Rxc2 17. Qd1 dxe4 18. b4 Bb5 19. Bxb5 Qxb5 20. Nh2 Qe2 21. Qxe2 Rxe2 22. a4 Rec2 23. Rfd1 Nd5 24. Re1 h6 25. Nf1 b6 26. b5 a5 27. Ra1 Nb4 28. Red1 d5 29. Ng3 f5 30. h4 Kf7 31. h5 Nd3 32. Rf1 Rd2 33. Nh1 Rcc2 34. Ra3 Kf6 35. Ng3 Kg5 36. Raa1 Kf6 37. Ra3 Nxf2 38. Re1 Nd3 39. Rf1 Rxg2+ 40. Kh1 Rh2+ 41. Kg1 Rcg2# 0-1

[Event "ROM-ch U10 Girls"]
[Site "Calimanesti Caciulata"]
[Date "2016.04.18"]
[Round "1"]
[White "Palos, Andra Maria"]
[Black "Ciocan, Ariana Roxana"]
[Result "0-1"]
[WhiteElo "1091"]
[BlackElo "1555"]
[PlyCount "52"]
[EventDate "2016.04.18"]
[EventType "swiss"]
[EventRounds "9"]
[EventCountry "ROU"]
[SourceTitle "CBM 172 Extra"]
[Source "ChessBase"]
[SourceDate "2016.06.21"]
[SourceVersion "1"]
[SourceVersionDate "2016.06.21"]
[SourceQuality "1"]

1. d4 d5 2. Nf3 Nf6 3. Nc3 c6 4. e3 Bf5 5. Bd3 Bg6 6. Bxg6 hxg6 7. Bd2 e6 8. a3 Bd6 9. Qe2 Qc7 10. h3 Nbd7 11. Qd3 c5 12. Na2 c4 13. Qe2 Ne4 14. Bc3 f5 15. Nd2 Ndf6 16. Nxe4 Nxe4 17. f3 Ng3 18. Qd2 Nxh1 19. f4 Ng3 20. Qf2 Ne4 21. Qe2 Qd8 22. Qf3 Bc7 23. Ke2 Ba5 24. Bxa5 Qxa5 25. Rd1 Kf7 26. Kf1 Nd2+ 0-1

[Event "ROM-ch U10 Girls"]
[Site "Calimanesti"]
[Date "2015.04.04"]
[Round "7"]
[White "Iorga, Maria Irina"]
[Black "Palos, Andra Maria"]
[Result "1/2-1/2"]
[WhiteElo "1001"]
[BlackElo "1001"]
[PlyCount "97"]
[EventDate "2015.03.30"]
[EventType "swiss"]
[EventRounds "9"]
[EventCountry "ROU"]
[SourceTitle "CBM 165 Extra"]
[Source "ChessBase"]
[SourceDate "2015.04.21"]
[SourceVersion "1"]
[SourceVersionDate "2015.04.21"]
[SourceQuality "1"]

1. e4 e5 2. Nf3 Nf6 3. Nxe5 Qe7 4. Nf3 Nxe4 5. Qe2 Nf6 6. Nc3 Qxe2+ 7. Bxe2 Bb4 8. 0-0 Bxc3 9. dxc3 0-0 10. Bg5 Re8 11. Rfe1 d6 12. Bxf6 gxf6 13. Nd4 Nc6 14. Nb5 Re7 15. Bf3 Be6 16. Bxc6 bxc6 17. Nd4 c5 18. Nxe6 Rxe6 19. Rxe6 fxe6 20. Re1 e5 21. g3 Rb8 22. f4 exf4 23. gxf4 Kf7 24. b3 Re8 25. Kf2 Rxe1 26. Kxe1 Kg6 27. a3 Kf5 28. Kf2 Kxf4 29. b4 cxb4 30. axb4 Ke5 31. Ke3 Kd5 32. Kd3 c5 33. c4+ Ke6 34. b5 Kd7 35. Kc3 f5 36. Kd2 h5 37. Ke3 Ke6 38. Kf4 h4 39. h3 Kf6 40. Kf3 Kg5 41. c3 f4 42. Kg2 Kf5 43. Kf3 Ke5 44. Ke2 Ke4 45. Kf2 f3 46. Kf1 Ke3 47. Ke1 f2+ 48. Kf1 Kf3 49. b6 1/2-1/2

[Event "ROM-ch U10 Girls"]
[Site "Calimanesti"]
[Date "2015.03.30"]
[Round "1"]
[White "Angheluta, Diana"]
[Black "Palos, Andra Maria"]
[Result "1-0"]
[WhiteElo "1239"]
[BlackElo "1001"]
[PlyCount "81"]
[EventDate "2015.03.30"]
[EventType "swiss"]
[EventRounds "9"]
[EventCountry "ROU"]
[SourceTitle "CBM 165 Extra"]
[Source "ChessBase"]
[SourceDate "2015.04.21"]
[SourceVersion "1"]
[SourceVersionDate "2015.04.21"]
[SourceQuality "1"]

1. c4 e5 2. Nc3 Nf6 3. e4 d6 4. g3 c5 5. Bg2 Nc6 6. Nge2 Nd4 7. 0-0 Bg4 8. h3 Bxe2 9. Nxe2 Nxe2+ 10. Qxe2 Be7 11. d3 h6 12. Kh2 h5 13. a3 g6 14. f4 Qc7 15. Rb1 b6 16. b4 cxb4 17. axb4 exf4 18. gxf4 a5 19. e5 Nh7 20. Bxa8 axb4 21. Rxb4 0-0 22. Be4 d5 23. Rb5 dxe4 24. Qxe4 f5 25. Qg2 Rf7 26. Qxg6+ Rg7 27. Qxf5 Bc5 28. Qxh5 Qf7 29. Qxf7+ Rxf7 30. e6 Nf6 31. exf7+ Kxf7 32. Bb2 Nh5 33. d4 Bxd4 34. Bxd4 Ke6 35. Rxh5 Kd7 36. f5 Ke7 37. f6+ Kf7 38. Rh7+ Kf8 39. f7 Ke7 40. f8Q+ Ke6 41. Rf6# 1-0

[Event "ROM-ch U08 Girls"]
[Site "Calimanesti"]
[Date "2014.04.07"]
[Round "2"]
[White "Palos, Andra Maria"]
[Black "Ciocan, Ariana Roxana"]
[Result "0-1"]
[WhiteElo "1001"]
[BlackElo "1001"]
[PlyCount "28"]
[EventDate "2014.04.06"]
[EventType "swiss"]
[EventRounds "9"]
[EventCountry "ROU"]
[SourceTitle "CBM 160 Extra"]
[Source "ChessBase"]
[SourceDate "2014.07.01"]
[SourceVersion "1"]
[SourceVersionDate "2014.07.01"]
[SourceQuality "1"]

1. d4 d5 2. Nc3 Nf6 3. Nf3 Nc6 4. e3 Bg4 5. Bb5 a6 6. Bxc6+ bxc6 7. a3 e6 8. 0-0 Be7 9. h3 Bh5 10. g4 Bg6 11. e4 0-0 12. Nd2 Nxe4 13. Ncxe4 Bxe4 14. Nxe4 dxe4 0-1

[Event "ROM-ch U08 Girls"]
[Site "Calimanesti"]
[Date "2014.04.06"]
[Round "1"]
[White "Puia, Alexia Teodora"]
[Black "Palos, Andra Maria"]
[Result "1-0"]
[WhiteElo "1017"]
[BlackElo "1001"]
[PlyCount "39"]
[EventDate "2014.04.06"]
[EventType "swiss"]
[EventRounds "9"]
[EventCountry "ROU"]
[SourceTitle "CBM 160 Extra"]
[Source "ChessBase"]
[SourceDate "2014.07.01"]
[SourceVersion "1"]
[SourceVersionDate "2014.07.01"]
[SourceQuality "1"]

1. d4 d5 2. e3 Nc6 3. Bd3 Nf6 4. Nd2 e6 5. Ngf3 Bd6 6. 0-0 0-0 7. Ne5 Bxe5 8. dxe5 Nxe5 9. g4 Nxd3 10. cxd3 g6 11. f4 Re8 12. Rf3 Kf8 13. Qf1 a6 14. Qh3 Bd7 15. Qh6+ Kg8 16. Rh3 Nxg4 17. Qxh7+ Kf8 18. Nf3 Bb5 19. Ng5 Re7 20. Qh8# 1-0